Guess Top 140 UEFA Football Clubs - Statistics

General Stats
  • This quiz has been taken 100 times
  • The average score is 54 of 140
Answer Stats
Rank Country Club % Correct
3 ENG Manchester City FC
98%
7 FRA Paris Saint-Germain
98%
5 ESP Real Madrid CF
98%
6 ESP FC Barcelona
95%
10 ENG Manchester United
95%
1 GER FC Bayern München
93%
2 ENG Liverpool FC
92%
4 ENG Chelsea FC
90%
8 ITA Juventus
88%
23 ITA FC Internazionale Milano
87%
17 ENG Arsenal FC
84%
14 ENG Tottenham Hotspur
82%
16 POR FC Porto
81%
45 ITA AC Milan
80%
15 NED AFC Ajax
80%
19 GER Borussia Dortmund
80%
9 ESP Club Atlético de Madrid
78%
25 ITA SSC Napoli
78%
12 ESP Sevilla FC
75%
26 POR SL Benfica
73%
20 FRA Olympique Lyonnais
69%
38 FRA Olympique de Marseille
65%
31 ITA SS Lazio
63%
13 GER RB Leipzig
61%
51 SCO Celtic FC
60%
86 ESP Athletic Club
58%
50 NED PSV Eindhoven
58%
34 SCO Rangers FC
58%
43 ESP Valencia CF
57%
24 ITA Atalanta BC
55%
21 AUT FC Salzburg
54%
56 FRA LOSC Lille
54%
61 FRA AS Monaco FC
53%
27 GER Eintracht Frankfurt
53%
39 UKR FC Dynamo Kyiv
53%
69 ENG Leicester City FC
53%
30 GER Bayer 04 Leverkusen
52%
42 NED Feyenoord
52%
74 ENG West Ham United FC
52%
29 SUI FC Basel 1893
51%
11 ITA AS Roma
49%
77 ENG Everton FC
49%
78 ESP Real Betis Balompié
48%
46 SUI BSC Young Boys
47%
22 UKR FC Shakhtar Donetsk
47%
37 RUS FC Zenit
47%
36 SRB FK Crvena zvezda
47%
62 ESP Real Sociedad de Fútbol
47%
79 GER VfL Borussia Mönchengladbach
47%
54 TUR Galatasaray AŞ
46%
41 DEN F.C. Copenhagen
45%
35 POR SC Braga
45%
73 GER VfL Wolfsburg
42%
44 BEL Club Brugge
41%
68 SWE Malmö FF
41%
52 TUR Beşiktaş JK
40%
40 GRE Olympiacos FC
40%
121 BEL RSC Anderlecht
40%
96 AUT SK Rapid Wien
40%
18 ESP Villarreal CF
40%
112 CZE AC Sparta Praha
37%
95 GER FC Schalke 04
37%
53 RUS PFC CSKA Moskva
37%
91 CYP APOEL FC
36%
107 TUR Fenerbahçe SK
36%
33 CRO GNK Dinamo Zagreb
36%
59 BEL KAA Gent
36%
66 ISR Maccabi Tel-Aviv FC
36%
75 ENG Wolverhampton Wanderers FC
36%
119 FRA FC Girondins de Bordeaux
34%
48 RUS FC Lokomotiv Moskva
33%
84 ESP Getafe CF
33%
90 BEL KRC Genk
33%
115 FRA OGC Nice
33%
49 FRA Stade Rennais FC
33%
100 GER 1. FC Union Berlin
30%
81 GRE AEK Athens FC
30%
117 FRA AS Saint-Étienne
30%
72 MDA FC Sheriff Tiraspol
30%
67 SRB FK Partizan
30%
102 GER 1. FC Köln
29%
80 KAZ FC Astana
29%
99 ITA Torino FC
29%
71 GER TSG 1899 Hoffenheim
29%
58 NED AZ Alkmaar
28%
101 GER Hertha BSC Berlin
28%
114 POL Legia Warszawa
28%
57 RUS FC Spartak Moskva
27%
85 ESP RCD Espanyol
27%
55 CZE FC Viktoria Plzeň
25%
109 ISR Hapoel Beer-Sheva FC
25%
139 FIN HJK Helsinki
25%
63 GRE PAOK FC
25%
103 GER SC Freiburg
25%
136 SCO Aberdeen FC
23%
93 BLR FC BATE Borisov
23%
106 NOR Rosenborg BK
23%
97 BEL R. Standard de Liège
23%
82 ROU CFR 1907 Cluj
22%
47 AUT LASK
22%
118 FRA Racing Club de Strasbourg Alsace
22%
108 BEL Royal Antwerp FC
22%
129 BUL PFC CSKA-Sofia
20%
70 BUL PFC Ludogorets 1945
20%
60 RUS FC Krasnodar
19%
76 ENG Burnley FC
18%
133 NED FC Utrecht
17%
83 ESP Granada CF
17%
64 AZE Qarabağ FK
17%
87 DEN FC Midtjylland
16%
94 NOR FK Bodø/Glimt
16%
88 NOR Molde FK
16%
32 CZE SK Slavia Praha
16%
110 CYP Apollon Limassol FC
14%
140 DEN Brøndby IF
14%
65 TUR İstanbul Başakşehir
14%
28 POR Sporting Clube de Portugal
14%
105 CRO HNK Rijeka
13%
111 SVN NK Maribor
13%
116 FRA Stade de Reims
13%
134 EST FC Flora Tallinn
12%
104 NED Vitesse
12%
127 POR Vitória SC
12%
135 IRL Dundalk FC
11%
132 NED Willem II
11%
92 ROU FCSB
10%
113 SVK ŠK Slovan Bratislava
10%
126 POR Rio Ave FC
8%
89 UKR FC Zorya Luhansk
6%
128 POR CS Marítimo
5%
138 SUI FC Lugano
5%
123 AUT Wolfsberger AC
5%
125 POR CD Santa Clara
4%
124 POR FC Paços de Ferreira
4%
122 HUN Fehérvár FC
4%
98 HUN Ferencvárosi TC
4%
120 CZE FK Jablonec
4%
130 LTU FK Sūduva
4%
137 MKD KF Shkëndija
4%
131 SWE Östersunds FK
2%
No matching quizzes found
Score Distribution
Percent of People with Each Score
Percentile by Number Answered
Your Score History
You have not taken this quiz